000 00627nam a2200193 i 4500
001 138491
003 ES-MaACL
005 20230906195557.0
007 t|
008 070214s1968 sp a |||| | spa d
080 _a615.3/5(075.8)
100 1 _aSan Martín Casamada, Ramón.
_9102270
245 1 0 _aFarmacognosia con Farmacodinamia /
_cR. San Martín Casamada ; prólogo por F. García Valdecasas.
260 _aBarcelona,
_cEd. Científico-Médica
_c1968.
300 _aXVI, 1148 p. :
_bil. ;
_c25 cm.
650 0 4 _aFarmacognosia.
_912724
700 1 _aGarcía-Valdecasas, Francisco.
_955355
852 _aES-MaACL
_jG-5495
999 _c138491
_d138491